ARRUPE JESUIT UNIVERSITY

CORONAVIRUS -STOP THE SPREAD - CLEAN,DISINFECT,COVER

The Ministry of healing : (Record no. 119839)

MARC details
000 -LEADER
fixed length control field 01144cam a22003131a 4500
001 - CONTROL NUMBER
control field 2314914
003 - CONTROL NUMBER IDENTIFIER
control field ARRUPE
005 - DATE AND TIME OF LATEST TRANSACTION
control field 20140131135106.0
008 - FIXED-LENGTH DATA ELEMENTS--GENERAL INFORMATION
fixed length control field 810722r1981 mou 000 0 eng
010 ## - LIBRARY OF CONGRESS CONTROL NUMBER
LC control number 81012201
020 ## - INTERNATIONAL STANDARD BOOK NUMBER
International Standard Book Number 0871250667
040 ## - CATALOGING SOURCE
Original cataloging agency DLC
Transcribing agency DLC
Modifying agency DLC
050 10 - LIBRARY OF CONGRESS CALL NUMBER
Classification number BX2347.8.S5
Item number M56
082 00 - DEWEY DECIMAL CLASSIFICATION NUMBER
Classification number 259/.4
Edition number 19
245 04 - TITLE STATEMENT
Title The Ministry of healing :
Remainder of title readings in the Catholic health care ministry.
260 ## - PUBLICATION, DISTRIBUTION, ETC. (IMPRINT)
Place of publication, distribution, etc St. Louis, Mo. :
Name of publisher, distributor, etc Catholic Health Association of the United States,
Date of publication, distribution, etc 1981.
300 ## - PHYSICAL DESCRIPTION
Extent p. cm.
500 ## - GENERAL NOTE
General note Cataloging based on CIP information.
500 ## - GENERAL NOTE
General note Articles selected from recent issues of Hospital progress.
610 20 - SUBJECT ADDED ENTRY--CORPORATE NAME
Corporate name or jurisdiction name as entry element Catholic Church.
9 (RLIN) 7560
650 #0 - SUBJECT ADDED ENTRY--TOPICAL TERM
Topical term or geographic name as entry element Church work with the sick
General subdivision Catholic Church.
9 (RLIN) 7561
650 #0 - SUBJECT ADDED ENTRY--TOPICAL TERM
Topical term or geographic name as entry element Pastoral medicine
General subdivision Catholic Church.
9 (RLIN) 7562
650 #0 - SUBJECT ADDED ENTRY--TOPICAL TERM
Topical term or geographic name as entry element Medical ethics
General subdivision Religious aspects
-- Catholic Church.
9 (RLIN) 7563
650 #0 - SUBJECT ADDED ENTRY--TOPICAL TERM
Topical term or geographic name as entry element Catholic health facilities.
9 (RLIN) 7564
710 2# - ADDED ENTRY--CORPORATE NAME
Corporate name or jurisdiction name as entry element Catholic Health Association of the United States.
9 (RLIN) 7565
730 0# - ADDED ENTRY--UNIFORM TITLE
Uniform title Hospital progress.
9 (RLIN) 7566
906 ## - LOCAL DATA ELEMENT F, LDF (RLIN)
a 7
b cbc
c orignew
d 1
e ocip
f 19
g y-gencatlg
942 ## - ADDED ENTRY ELEMENTS (KOHA)
Source of classification or shelving scheme Library of Congress Classification
Koha item type Monograph ( Printed materials)
Holdings
Withdrawn status Lost status Source of classification or shelving scheme Damaged status Not for loan Collection code Home library Current library Shelving location Date acquired Total Checkouts Full call number Barcode Date last seen Date checked out Price effective from Koha item type
    Library of Congress Classification     Main Collection ARRUPE LIBRARY ARRUPE LIBRARY Main Collection 31/01/2014 1 BX2347.8.S5 M56 46412038 22/11/2017 04/11/2016 31/01/2014 Monograph ( Printed materials)

 

Arrupe Library. PO Box MP320 Mt Pleasant, Harare, Zimbabwe
263 242 745411|librarian@aju.ac.zw